Frimarkssamlaren, Rad Och Anvisningar (Record no. 2645)
[ view plain ]
| 000 -LEADER | |
|---|---|
| fixed length control field | 00292nam a22000977a 4500 |
| 008 - FIXED-LENGTH DATA ELEMENTS--GENERAL INFORMATION | |
| fixed length control field | 180226b xxu||||| |||| 00| 0 eng d |
| 100 ## - MAIN ENTRY--AUTHOR'S NAME | |
| Author's Name | Tullberg, Sigurd |
| 245 ## - TITLE STATEMENT | |
| Title | Frimarkssamlaren, Rad Och Anvisningar |
| 260 ## - PUBLICATION, DISTRIBUTION, ETC. (IMPRINT) | |
| Place of publication, distribution, etc. | Stockholm, Sweden |
| Name of publisher, distributor, etc. | Oskar Eklunds, |
| Date of publication, distribution, etc. | 1956 |
| 650 ## - TOPICAL TERM (Tag) | |
| Topical term or geographic name | General | Stamp Collecting |
| Withdrawn status | Lost status | Source of classification or shelving scheme | Damaged status | Koha normalized classification for sorting | Not for loan | Collection code | Permanent Location | Current Location | Shelving location | Date acquired | Total Checkouts | Full call number | Barcode | Date last seen | Copy number | Price effective from |
|---|---|---|---|---|---|---|---|---|---|---|---|---|---|---|---|---|
| G3201 C697 T918 | Northern Philatelic Library | Northern Philatelic Library | General Stacks | 02/26/2018 | G3201 C697 T918 | 1002932 | 02/26/2018 | 1 | 02/26/2018 |